ARRUPE JESUIT UNIVERSITY

CORONAVIRUS -STOP THE SPREAD - CLEAN,DISINFECT,COVER

Judgment under uncertainty : (Record no. 123196)

MARC details
000 -LEADER
fixed length control field 01190cam a2200385 a 4500
001 - CONTROL NUMBER
control field 89498
003 - CONTROL NUMBER IDENTIFIER
control field ARRUPE
005 - DATE AND TIME OF LATEST TRANSACTION
control field 20150828114451.0
008 - FIXED-LENGTH DATA ELEMENTS--GENERAL INFORMATION
fixed length control field 820720s1982 enka b 001 0 eng
010 ## - LIBRARY OF CONGRESS CONTROL NUMBER
LC control number 81010042/AC
020 ## - INTERNATIONAL STANDARD BOOK NUMBER
International Standard Book Number 0521240646
020 ## - INTERNATIONAL STANDARD BOOK NUMBER
International Standard Book Number 0521284147 (pbk.)
035 ## - SYSTEM CONTROL NUMBER
System control number (OCoLC)7578020
035 ## - SYSTEM CONTROL NUMBER
System control number (OCoLC)ocm07578020
035 ## - SYSTEM CONTROL NUMBER
System control number (CStRLIN)NYCG82-B32093
035 ## - SYSTEM CONTROL NUMBER
System control number (NNC)89498
040 ## - CATALOGING SOURCE
Modifying agency NNC
Transcribing agency Arrupe
050 0# - LIBRARY OF CONGRESS CALL NUMBER
Classification number BF441
Item number .J8 1982
082 0# - DEWEY DECIMAL CLASSIFICATION NUMBER
Classification number 153.4/6
Edition number 19
090 ## - LOCALLY ASSIGNED LC-TYPE CALL NUMBER (OCLC); LOCAL CALL NUMBER (OCLC)
Classification number (OCLC) (R) ; Classification number, CALL (RLIN) (NR) BF441
Local cutter number (OCLC) ; Book number/undivided call number, CALL (RLIN) .J8 1982
300 ## - PHYSICAL DESCRIPTION
Other physical details ill. ;
Dimensions 24 cm.
245 00 - TITLE STATEMENT
Title Judgment under uncertainty :
Remainder of title heuristics and biases /
Statement of responsibility, etc edited by Daniel Kahneman, Paul Slovic, Amos Tversky.
260 ## - PUBLICATION, DISTRIBUTION, ETC. (IMPRINT)
Place of publication, distribution, etc Cambridge ;
-- New York :
Name of publisher, distributor, etc Cambridge University Press,
Date of publication, distribution, etc c1982.
300 ## - PHYSICAL DESCRIPTION
Extent xiii, 555 p. :
500 ## - GENERAL NOTE
General note Includes index.
500 ## - GENERAL NOTE
General note Issued with various printing dates.
504 ## - BIBLIOGRAPHY, ETC. NOTE
Bibliography, etc Bibliography: p. [521]-551.
650 #0 - SUBJECT ADDED ENTRY--TOPICAL TERM
Topical term or geographic name as entry element Judgment.
9 (RLIN) 8681
700 1# - ADDED ENTRY--PERSONAL NAME
Personal name Kahneman, Daniel,
Dates associated with a name 1934-
9 (RLIN) 19192
700 1# - ADDED ENTRY--PERSONAL NAME
Personal name Slovic, Paul,
Dates associated with a name 1938-
9 (RLIN) 19193
700 1# - ADDED ENTRY--PERSONAL NAME
Personal name Tversky, Amos.
9 (RLIN) 19194
942 ## - ADDED ENTRY ELEMENTS (KOHA)
Source of classification or shelving scheme Library of Congress Classification
Koha item type Monograph ( Printed materials)
948 2# - LOCAL PROCESSING INFORMATION (OCLC); SERIES PART DESIGNATOR (RLIN)
Series part designator, SPT (RLIN) 20081229
b (OCLC) a
c (OCLC) rad1
d (OCLC) MPS
948 2# - LOCAL PROCESSING INFORMATION (OCLC); SERIES PART DESIGNATOR (RLIN)
Series part designator, SPT (RLIN) 20141029
b (OCLC) a
c (OCLC) ink2
d (OCLC) MPS
Holdings
Withdrawn status Lost status Source of classification or shelving scheme Damaged status Not for loan Collection code Home library Current library Shelving location Date acquired Total Checkouts Full call number Barcode Date last seen Date checked out Price effective from Koha item type
    Library of Congress Classification     Main Collection ARRUPE LIBRARY ARRUPE LIBRARY Main Collection 28/08/2015 1 BF441 .J8 1982 46500004083 12/09/2016 12/11/2015 28/08/2015 Monograph ( Printed materials)

 

Arrupe Library. PO Box MP320 Mt Pleasant, Harare, Zimbabwe
263 242 745411|librarian@aju.ac.zw